| 000 | 01868aam a2200409 i 4500 | ||
|---|---|---|---|
| 001 | 1430497121 | ||
| 003 | DLC | ||
| 005 | 20250206115742.0 | ||
| 007 | t| | ||
| 008 | 240801s2025 nyu e 000 1 eng | ||
| 010 | _a 2024033337 | ||
| 020 |
_a9780593716489 _qhardcover |
||
| 035 | _a(OCoLC)1430497121 | ||
| 040 |
_aDLC _beng _erda _cDLC _dTnLvILS |
||
| 042 | _apcc | ||
| 092 |
_afiction _bLudlum, Robert |
||
| 100 | 1 |
_aFreeman, Brian, _d1963- _eauthor. _4aut. _954858 |
|
| 245 | 1 | 0 |
_aRobert Ludlum's The Bourne vendetta / _cBrian Freeman. |
| 246 | 3 | 0 | _aBourne vendetta. |
| 264 | 1 |
_aNew York : _bG.P. Putnam's Sons, _c[2025] |
|
| 300 |
_a388 pages ; _c24 cm. |
||
| 336 | _atext | ||
| 337 | _aunmediated | ||
| 338 | _avolume | ||
| 490 | 1 |
_aBourne series ; _v[book 20] |
|
| 500 | _aSeries enumeration from book-industry databases. | ||
| 520 | _a"Two years ago, Bourne knew he had to let Abbey Laurent walk away from his dangerous world. Now Abbey is back--and she's married to a top government official. But she's convinced someone is trying to kill her husband, and she wants Jason's help. Bourne follows the plot against this man into a deadly web of conspiracy that puts them all at risk. But the deeper he descends into the violence, the more he believes that Abbey may not know who her husband really is"-- | ||
| 600 | 1 | 0 |
_aBourne, Jason _c(Fictitious character) _vFiction. _95727743 |
| 650 | 0 |
_aIntelligence officers _vFiction. _95674266 |
|
| 650 | 0 |
_aConspiracies _vFiction. _95673860 |
|
| 655 | 7 |
_aThrillers (Fiction) _2lcgft. |
|
| 655 | 7 |
_aSpy fiction. _2lcgft. _95700151 |
|
| 655 | 7 |
_aAction and adventure fiction. _2lcgft. |
|
| 700 | 1 |
_aLudlum, Robert, _d1927-2001. _tBourne vendetta. _96538278 |
|
| 800 | 1 |
_aLudlum, Robert, _d1927-2001. _tJason Bourne series ; _v20. _96474117 |
|
| 942 |
_2ddc _cBOOK |
||
| 999 |
_c404232 _d404232 |
||